| 000 | 00905nam a2200229Ii 4500 | ||
|---|---|---|---|
| 003 | JO-AjNU | ||
| 008 | 230605s9999||||xx |||||||||||||| ||und|| | ||
| 017 | _a2002/7/1810 | ||
| 040 |
_aJO-AjNU _bara _erda _cJO-AjNU |
||
| 041 | _aara | ||
| 050 | 1 | 4 | _aBP166.8 2002 |
| 100 | 3 |
_aبن باز، عبد العزيز وآخرون، جمع وإعداد: هشام محمد أبو حاكمة, _eauthor _918386 |
|
| 245 | 0 | 0 | _aالموت وحساب القبر والآخرة : أسئلة و أجوبة يجيب عنها العلماء |
| 250 | _aط1 | ||
| 264 | 3 | 1 | _aعمان: دار الاسراء للنشر والتوزيع، 2002 |
| 300 | _a96ص | ||
| 336 |
_atext _btxt _2rdacontent |
||
| 337 |
_aunmediated _bn _2rdamedia |
||
| 338 |
_avolume _bnc _2rdacarrier |
||
| 490 | 0 | _aسلسلة الفتاوى الاسلامية4 | |
| 650 | 4 |
_aالموت- يوم القيامة- اختبارات- اسئلة _918387 |
|
| 999 |
_aA5870 _c9438 _d9438 |
||